Max Verstappen #3 - Statistics

General Stats
  • This quiz has been taken 26 times
  • The average score is 8 of 10
Answer Stats
Question Answer % Correct
How many championships has Max won? 4
100%
Max's father also raced in f1. What's his name? Jos Verstappen
95%
Max Verstappen races under the Dutch flag but he was born in what country? Belgium
90%
Max once used a fake name to do a GT3 test. What was the Fake name? Franz Hermaan
90%
Max Verstappen has the record for youngest race winner, when and where did he get that first race win? 2016, Spain
86%
All of these are f1 driver quotes, which one is one of Max's? Simply Lovely that
86%
Which of these racers hasn't been one of Max's teamates in f1? Arvid Lindblad
76%
What year did Max start racing in Formula 1? 2015
67%
What is Max's favorite track? Spa-Francorchamps, Belgium
62%
Max has won how many races? 71
52%
No matching quizzes found
Score Distribution
Percent of People with Each Score
Percentile by Number Answered
Your Score History
You have not taken this quiz